|
|
|
|
| LEADER |
00000nam0a2200000 4500 |
| 001 |
375531 |
| 005 |
20231102012737.0 |
| 035 |
|
|
|a (RuTPU)RU\TPU\retro\32970
|
| 035 |
|
|
|a RU\TPU\book\279753
|
| 090 |
|
|
|a 375531
|
| 100 |
|
|
|a 20221220d1987 k y0rusy50 ca
|
| 101 |
0 |
|
|a rus
|
| 102 |
|
|
|a RU
|
| 105 |
|
|
|a a z 101zy
|
| 200 |
1 |
|
|a Адсорбция и адсорбенты
|e сборник трудов конференции, 1985 г., Москва
|f Академия наук СССР (АН СССР), Институт физической химии (ИФХ) ; под ред. М. М. Дубинина , В. В. Серпинского , К. О. Мурдмаа
|
| 210 |
|
|
|a Москва
|c Наука
|d 1987
|
| 215 |
|
|
|a 270 с.
|c ил.
|
| 320 |
|
|
|a Библиогр. в конце ст.
|
| 320 |
|
|
|a Имен. указ.: с. 262-264..
|
| 330 |
|
|
|a Сборник содержит материалы шестой Всесоюзной конференции по теоретическим вопросам адсорбции, посвященные основным направлениям теории равновесной адсорбции, а также кинетике и динамике адсорбции, пористой структуре и поверхности адсорбентов. В книгу включены основные доклады и дискуссии по ним. Книга предназначена для физикохимиков, работающих в области изучения и применения адсорбционных явлений и катализа, преподавателей, аспирантов и студентов, химических и технологических вузов.
|
| 606 |
1 |
|
|a Адсорбция
|2 stltpush
|3 (RuTPU)RU\TPU\subj\1555
|9 30322
|
| 610 |
1 |
|
|a теория
|
| 610 |
1 |
|
|a адсорбенты
|
| 610 |
1 |
|
|a кинетика
|
| 610 |
1 |
|
|a динамика
|
| 610 |
1 |
|
|a пористая структура
|
| 610 |
1 |
|
|a поверхности
|
| 610 |
1 |
|
|a катализ
|
| 610 |
1 |
|
|a конференции
|
| 675 |
|
|
|a 544.723
|v 4
|
| 702 |
|
1 |
|a Дубинин
|b М. М.
|4 340
|
| 702 |
|
1 |
|a Серпинский
|b В. В.
|4 340
|
| 702 |
|
1 |
|a Мурдмаа
|b К. О.
|4 340
|
| 712 |
0 |
2 |
|a Академия наук СССР (АН СССР)
|b Институт физической химии (ИФХ)
|c (Москва)
|c (1945-1991)
|2 stltpush
|3 (RuTPU)RU\TPU\col\11504
|
| 712 |
1 |
2 |
|a Всесоюзная конференция по теоретическим вопросам адсорбции
|c конференция
|d 6
|e Москва
|f 1985
|4 570
|
| 801 |
|
1 |
|a RU
|b 63413507
|c 20140412
|
| 801 |
|
2 |
|a RU
|b 63413507
|c 20221220
|g RCR
|
| 942 |
|
|
|c BK
|